Statistics for European Countries and Capitals Beginning with the Letters of JETPUNK

Click here to take the quiz!

General Stats

  • This quiz has been taken 459 times
    (404 since last reset)
  • The average score is 12 of 16

Answer Stats

Country% Correct
Estonia
94%
United Kingdom
91%
Portugal
86%
Ukraine
85%
Poland
84%
Norway
84%
Kosovo
83%
Tallinn
81%
Paris
81%
Netherlands
79%
Kiev
77%
Prague
72%
Pristina
65%
Tirana
63%
Podgorica
62%
North Macedonia
39%

Score Distribution

Percentile by Number Answered

Percent of People with Each Score

Your Score History

You have not taken this quiz since the last reset